Swiss Family Robinson (Record no. 15610)
[ view plain ]
| 000 -LEADER | |
|---|---|
| fixed length control field | 02883ngm a22005537a 4500 |
| 006 - FIXED-LENGTH DATA ELEMENTS--ADDITIONAL MATERIAL CHARACTERISTICS--GENERAL INFORMATION | |
| fixed length control field | a|||||s|||||00| 0 |
| 007 - PHYSICAL DESCRIPTION FIXED FIELD--GENERAL INFORMATION | |
| fixed length control field | tz |
| 008 - FIXED-LENGTH DATA ELEMENTS--GENERAL INFORMATION | |
| fixed length control field | 110616s2002 cau|||||s|||| 000 0 eng d |
| 020 ## - INTERNATIONAL STANDARD BOOK NUMBER | |
| International Standard Book Number | 0788826417 |
| 020 ## - INTERNATIONAL STANDARD BOOK NUMBER | |
| International Standard Book Number | 9780788826412 |
| 082 ## - DEWEY DECIMAL CLASSIFICATION NUMBER | |
| Edition number | 22 |
| Classification number | 791.4372 |
| Item number | SWI |
| 245 00 - TITLE STATEMENT | |
| Title | Swiss Family Robinson |
| Medium | [videorecording] / |
| Statement of responsibility, etc | [presented by] Walt Disney ; produced by Bill Anderson ; directed by Ken Annakin ; screenplay, Lowell S. Hawley. |
| 260 ## - PUBLICATION, DISTRIBUTION, ETC. (IMPRINT) | |
| Place of publication, distribution, etc | Burbank, Calif. : |
| Name of publisher, distributor, etc | Buena Vista Home Entertainment, [2002] |
| Date of publication, distribution, etc | [2002] |
| 300 ## - PHYSICAL DESCRIPTION | |
| Extent | 2 videodiscs (126 min.) : |
| Other physical details | sd., col. ; |
| Dimensions | 4 3/4 in. |
| 490 ## - SERIES STATEMENT | |
| 9 (RLIN) | 25413 |
| Series statement | Vault Disney Collection |
| 500 ## - GENERAL NOTE | |
| General note | Originally released as a motion picture in 1960 |
| 500 ## - GENERAL NOTE | |
| General note | Based on the novel by Johan Wyss |
| 500 ## - GENERAL NOTE | |
| General note | Special features include: audio commentary track with the director and others; Sea salts (animated short); Adventure in the making; Conversations with James MacArthur; PIRATES!; Swiss family treehouse (featurette); production archives; 1960 Disney studio album. |
| 508 ## - CREATION/PRODUCTION CREDITS NOTE | |
| Creation/production credits note | Director of photography, Harry Waxman ; film editor, Peter Boita ; original music, William Alwyn ; costume designer, Julie Harris |
| 511 ## - PARTICIPANT OR PERFORMER NOTE | |
| Participant or performer note | John Mills, Dorothy McGuire, James MacArthur, Janet Munro, Sessue Hayakawa, Tommy Kirk, Kevin Corcoran, Cecil Parker. |
| 520 ## - SUMMARY, ETC. | |
| Summary, etc | The shipwrecked Robinson family finds new life on a deserted island far from civilization until their makeshift paradise is threatened by the arrival of cutthroat pirates. |
| 521 ## - TARGET AUDIENCE NOTE | |
| Target audience note | MPAA rating: G. |
| 538 ## - SYSTEM DETAILS NOTE | |
| System details note | DVD; NTSC, Region 1; Dolby digital 5.1 surround; widescreen format (2:35:1 aspect ratio). |
| 546 ## - LANGUAGE NOTE | |
| Language note | In English and Spanish; Closed-captioned |
| 650 ## - SUBJECT ADDED ENTRY--TOPICAL TERM | |
| 9 (RLIN) | 25416 |
| Topical term or geographic name as entry element | Family |
| Form subdivision | Drama |
| 653 ## - INDEX TERM--UNCONTROLLED | |
| Arrived date list | June2011 |
| 655 ## - INDEX TERM--GENRE/FORM | |
| Genre/form data or focus term | Adventure films |
| 655 ## - INDEX TERM--GENRE/FORM | |
| Genre/form data or focus term | Feature films |
| 700 ## - ADDED ENTRY--PERSONAL NAME | |
| 9 (RLIN) | 25417 |
| Personal name | Hawley, Lowell S. |
| Relator term | aus |
| Fuller form of name | Lowell Stillwell |
| 700 ## - ADDED ENTRY--PERSONAL NAME | |
| 9 (RLIN) | 25418 |
| Personal name | Anderson, Bill |
| Dates associated with a name | 1911-1997 |
| Relator term | pro |
| 700 ## - ADDED ENTRY--PERSONAL NAME | |
| 9 (RLIN) | 25419 |
| Personal name | Annakin, Ken |
| Relator term | drt |
| 700 ## - ADDED ENTRY--PERSONAL NAME | |
| 9 (RLIN) | 25421 |
| Personal name | Waxman, Harry |
| Dates associated with a name | 1912-1984 |
| Relator term | cng |
| 700 ## - ADDED ENTRY--PERSONAL NAME | |
| 9 (RLIN) | 25422 |
| Personal name | Boita, Peter |
| Relator term | flm |
| 700 ## - ADDED ENTRY--PERSONAL NAME | |
| 9 (RLIN) | 25423 |
| Personal name | Alwyn, William |
| Dates associated with a name | 1905-1985 |
| Relator term | cmp |
| 700 ## - ADDED ENTRY--PERSONAL NAME | |
| 9 (RLIN) | 25424 |
| Personal name | Wyss, Johann David |
| Dates associated with a name | 1743-1818 |
| Relator term | aut |
| Title of a work | Schweizerische Robinson |
| 700 ## - ADDED ENTRY--PERSONAL NAME | |
| 9 (RLIN) | 25424 |
| Personal name | Wyss, Johann David |
| Dates associated with a name | 1743-1818 |
| Relator term | aut |
| Title of a work | Schweizerische Robinson |
| 700 ## - ADDED ENTRY--PERSONAL NAME | |
| 9 (RLIN) | 25425 |
| Personal name | Harris, Julie |
| Relator term | cst |
| 700 ## - ADDED ENTRY--PERSONAL NAME | |
| 9 (RLIN) | 25427 |
| Personal name | Mills, John |
| Dates associated with a name | 1908-2005 |
| Relator term | act |
| 700 ## - ADDED ENTRY--PERSONAL NAME | |
| 9 (RLIN) | 25428 |
| Personal name | McGuire, Dorothy |
| Dates associated with a name | 1918-2001 |
| Relator term | act |
| 700 ## - ADDED ENTRY--PERSONAL NAME | |
| 9 (RLIN) | 25429 |
| Personal name | MacArthur, James |
| Dates associated with a name | 1937-2010 |
| Relator term | act |
| 700 ## - ADDED ENTRY--PERSONAL NAME | |
| 9 (RLIN) | 25430 |
| Personal name | Munro, Janet |
| Dates associated with a name | 1934-1972 |
| Relator term | act |
| 700 ## - ADDED ENTRY--PERSONAL NAME | |
| 9 (RLIN) | 25431 |
| Personal name | Hayakawa, Sessue |
| Dates associated with a name | 1889-1973 |
| Relator term | act |
| 700 ## - ADDED ENTRY--PERSONAL NAME | |
| 9 (RLIN) | 25432 |
| Personal name | Kirk, Tommy |
| Relator term | act |
| 700 ## - ADDED ENTRY--PERSONAL NAME | |
| 9 (RLIN) | 25433 |
| Personal name | Corcoran, Kevin |
| Dates associated with a name | 1949- |
| Relator term | act |
| 700 ## - ADDED ENTRY--PERSONAL NAME | |
| 9 (RLIN) | 25434 |
| Personal name | Parker, Cecil |
| Dates associated with a name | 1897-1971 |
| Relator term | act |
| 710 ## - ADDED ENTRY--CORPORATE NAME | |
| 9 (RLIN) | 25034 |
| Corporate name or jurisdiction name as entry element | Buena Vista Home Entertainment (Firm) |
| Relator term | dst |
| 710 ## - ADDED ENTRY--CORPORATE NAME | |
| 9 (RLIN) | 25012 |
| Corporate name or jurisdiction name as entry element | Walt Disney Pictures |
| Relator term | pro |
| 942 ## - ADDED ENTRY ELEMENTS (KOHA) | |
| Source of classification or shelving scheme | Dewey Decimal Classification |
| Item type | CD | DVD - Movie (NB) |
| Withdrawn status | Lost status | Source of classification or shelving scheme | Damaged status | Not for loan | Koha collection | Location (home branch) | Sublocation or collection (holding branch) | Shelving location | Date acquired | Source of acquisition | Cost, normal purchase price | Invoice Number | Koha issues (times borrowed) | Koha full call number | Piece designation (barcode) | Koha date last seen | Koha date last borrowed | Price effective from | Koha item type | Public note |
|---|---|---|---|---|---|---|---|---|---|---|---|---|---|---|---|---|---|---|---|---|
| Dewey Decimal Classification | Baccah | Central Library | Central Library | Second Floor | 16/06/2011 | Purchase | 117.00 | 12344 | 1 | 791.4372 SWI | 000024231 | 24/08/2022 | 28/06/2011 | 16/06/2011 | CD | DVD - Movie (NB) | 2 DVDs |